000 00760nam a2200217Ia 4500
003 GCL
008 140319s9999 xx 000 0 ara d
040 _aGCL /
_cGCL
082 0 4 _a398.2265
_bف م
100 1 _aفراس السواح
245 1 0 _aمغامرة العقل الاولى?: دراسة فى الاسطورة سورية وبلاد الرافدين /
_cفراس السواح
300 _a388 ص
490 _aالهيئة العامة للاستعلامات
_v0
650 0 4 _aالادب الشعبى
650 0 4 _aالاساطير القديمة
650 0 4 _aالقصص الخرافية
650 0 4 _aالاساطير
650 0 4 _aاساطير وحكايات
650 0 4 _aالاساطير القديمة - سوريا
942 _2ddc
_cBK
999 _c47975
_d47975